Curso de contabilidad. (Record no. 50906)

MARC details
000 -LEADER
campo de control de longitud fija 00467nam a2200157 i 4500
001 - NÚMERO DE CONTROL
campo de control 50906
003 - IDENTIFICADOR DE NÚMERO DE CONTROL
campo de control ES-MaACL
005 - FECHA Y HORA DE LA ÚLTIMA TRANSACCIÓN
campo de control 20230906162246.0
007 - CAMPO FIJO DE DESCRIPCIÓN FÍSICA--INFORMACIÓN GENERAL
campo de control de longitud fija t|
008 - DATOS DE LONGITUD FIJA--INFORMACIÓN GENERAL
campo de control de longitud fija 030807s1959 sp ||||1| spa d
245 00 - MENCIÓN DEL TÍTULO
Título Curso de contabilidad.
260 ## - PUBLICACIÓN, DISTRIBUCIÓN, ETC.
Lugar de publicación, distribución, etc. San Sebastián :
Nombre del editor, distribuidor, etc. Centro de Cultura por Correspondencia,
Fecha de publicación, distribución, etc. [1959] (
Fabricante Valverde)
300 ## - DESCRIPCIÓN FÍSICA
Extensión 35 foll. ;
Dimensiones 27 cm.
710 2# - ENTRADA AGREGADA--NOMBRE DE ENTIDAD CORPORATIVA
Nombre de entidad corporativa o nombre de jurisdicción como elemento de entrada Centro de Cultura por Correspondencia.
9 (RLIN) 2598
852 ## - LOCALIZACIÓN
Ubicación ES-MaACL
Número de control de estantería C-14607
Sublocalización o colección R.45224
Holdings
Estatus retirado Estado de pérdida Estado de daño No para préstamo Biblioteca de origen Biblioteca actual Ubicación en estantería Fecha de adquisición Fuente de adquisición Total de préstamos Signatura topográfica completa Código de barras Visto por última vez Precio de reemplazo Tipo de ítem Koha
        Biblioteca del Ateneo de Madrid Biblioteca del Ateneo de Madrid Ficheros 17/01/2008     C-14607 1053537 23/02/2023 23/02/2023 Libro impreso